000 01135nam a22002537a 4500
001 BD-DhSAU 8783
003 BD-DhSAU
005 20181212094942.0
008 150613b2011 bg a|||| m||| 00| 0 eng d
040 _aBD-DhSAU
082 _222
_a595.7
_by33
100 _aYeasmin, Mst. Toufica
_eRegistration # 08-03220
245 _aPerformance of vermicompost and inorganic fertilizers on growth, yield and oil content of mustard (brassica campestris var. sau sharisha-1&4) /
_bMS thesis
_cMst. Toufica Yeasmin
260 _aSher-e-Bangla Agricultural University :
_bDepartment of Agricultural Chemistry,
_c2011.
300 _axviii, 102 p. :
_bill. ;
_c29 cm.
500 _aMS thesis of Department of Agricultural Chemistry, Faculty of Agriculture, Sher-e-Bangla Agricultural University, Dhaka, Bangladesh
504 _aIncludes bibliographical reference.
590 _aJerin
650 _aAgricultural Chemistry
700 _aBegum, Rokeya
_eSuperviser
700 _aChowdhury, Md. Tazul Islam
_eCo-superviser
856 _uhttp://archive.saulibrary.edu.bd:8080/xmlui/handle/123456789/1920
942 _2ddc
_cTHESIS
999 _c8783
_d8783